Russia and the world : (Record no. 16001)
[ view plain ]
| 000 -LEADER | |
|---|---|
| fixed length control field | 02171nam a2200241 a 4500 |
| 001 - CONTROL NUMBER | |
| control field | ASIN0415813204 |
| 005 - DATE AND TIME OF LATEST TRANSACTION | |
| control field | 20170105102930.0 |
| 008 - FIXED-LENGTH DATA ELEMENTS--GENERAL INFORMATION | |
| fixed length control field | 140115s2013 xxu eng d |
| 020 ## - INTERNATIONAL STANDARD BOOK NUMBER | |
| International Standard Book Number | 0415813204 (hardcover) |
| Terms of availability | $145.00 |
| 020 ## - INTERNATIONAL STANDARD BOOK NUMBER | |
| International Standard Book Number | 9780415813204 (hardcover) |
| 040 ## - CATALOGING SOURCE | |
| Original cataloging agency | 0 |
| 050 04 - LIBRARY OF CONGRESS CALL NUMBER | |
| Classification number | JN6531 |
| 082 04 - DEWEY DECIMAL CLASSIFICATION NUMBER | |
| Classification number | 327.47 |
| Author Mark | RUS 2013 |
| 245 10 - TITLE STATEMENT | |
| Title | Russia and the world : |
| Remainder of title | the internal-external nexus / |
| Statement of responsibility, etc. | Natasha Kuhrt. |
| 260 ## - PUBLICATION, DISTRIBUTION, ETC. | |
| Place of publication, distribution, etc. | [S.l.] : |
| Name of publisher, distributor, etc. | Routledge, |
| Date of publication, distribution, etc. | 2013. |
| 300 ## - PHYSICAL DESCRIPTION | |
| Extent | 248 p. ; |
| Dimensions | 25 cm. |
| 490 1# - SERIES STATEMENT | |
| Series statement | Routledge europe-asia studies. |
| 520 ## - SUMMARY, ETC. | |
| Summary, etc. | This volume brings together analyses of key domestic, foreign and security policy issues during the Putin and Medvedev administrations. Indeed, the chapters demonstrate the extent to which domestic and foreign policy issues are inextricably linked, in particular in the domain of security, whether 'hard' or 'soft'. Internal debates regarding Russia's trajectory, including issues of national identity; economic modernisation, human rights and democracy, continue to be at the forefront of concern. Moreover, these debates are intimately connected to Russia's self-image and the image therefore, that it wishes to project in the wider world. The debates focus on Russia as 'energy superpower'; as one of the 'BRICS'; as an Eurasian landbridge, or a window on the Asia-Pacific. Such debates are a constant reminder of the uncertainty surrounding Russia's future path. This book expresses these uncertainties which range from the role of nuclear weapons and energy to critiques of Russia's approach to concepts such as sovereignty and self-determination; the fight against terrorism, insurgency, and the role of Islam within and without. Russia may have left the 'chaos' of the Yeltsin years behind but, as we move into 'Putin 3.0', the concerns of these chapters will remain critical both to Russia itself, and to Russia's relations with the wider world. This book was published as a special issue of Europe-Asia Studies . |
| 700 1# - ADDED ENTRY--PERSONAL NAME | |
| Personal name | Kuhrt, Natasha. |
| 830 #0 - SERIES ADDED ENTRY--UNIFORM TITLE | |
| Uniform title | Routledge europe-asia studies. |
| 856 40 - ELECTRONIC LOCATION AND ACCESS | |
| Materials specified | Amazon.com |
| Uniform Resource Identifier | <a href="http://www.amazon.com/exec/obidos/ASIN/0415813204/chopaconline-20">http://www.amazon.com/exec/obidos/ASIN/0415813204/chopaconline-20</a> |
| 942 ## - ADDED ENTRY ELEMENTS (KOHA) | |
| Source of classification or shelving scheme | |
| Koha item type | Book |
| Withdrawn status | Lost status | Damaged status | Not for loan | Collection code | Permanent Location | Current Location | Shelving location | Date acquired | Total Checkouts | Full call number | Barcode | Date last seen | Price effective from | Koha item type |
|---|---|---|---|---|---|---|---|---|---|---|---|---|---|---|
| Centre for International Peace & Stability (CIPS) | Centre for International Peace & Stability (CIPS) | General Stacks | 11/21/2013 | 327.47 RUS 2013 | CIPS0002493 | 01/15/2014 | 01/15/2014 | Book |
